000 00418pam a2200169 a 4500
020 _a0070501181 :
040 _cDLC
082 0 0 _a547 MCG 1987 A034 Or.
100 1 _aPine, Stanley H.
245 1 0 _aOrganic chemistry /
250 _a5th ed.
260 _aNew York :
_bMcGraw-Hill,
_cc1987.
300 _axix, 1187 p. :
_bill. ;
_c25 cm.
500 _aIncludes index.
650 0 _aChemistry, Organic.
942 _cEK
999 _c12780
_d12780